| 000 | 00456 a2200157 4500 | ||
|---|---|---|---|
| 999 |
_c4266 _d4266 |
||
| 020 | _a9781847882363 | ||
| 050 | _aNK 1510 CLA 2009 | ||
| 100 |
_aClarke, Hazel _eeditor |
||
| 245 |
_aDesign studies : _ba reader / _cHazel Clark and David Brody |
||
| 264 |
_aNew York: _bBerg, _c2009 |
||
| 300 |
_a572.: _bill. |
||
| 500 | _aIncludes bibliographical references and index | ||
| 650 | _aDesign | ||
| 700 |
_aBrody, David _eeditor |
||
| 942 |
_2lcc _cBK _h1510 _iCLA _kNK |
||